000 00979cai a22002055a 4500
001 L141751
008 071218u2008 xxk g 000 0 eng d
035 _a(Sirsi) u141751
041 0 _aeng
100 _aKillip, Gavin
110 2 _aFederation of Master Builders
_9465
245 0 0 _aBuilding a greener Britain
_h[electronic resource]
260 _aLondon
_bFMB
_c2008
520 _aProvides details of FMB's campaign to promote a safe, sustainable and practical construction industry. FMB plans to do this by outlining policy recommendations to government and encouraging builders to play a key role in building a greener Britain. Website includes news, articles, and details of forthcoming research.
590 _aKA
651 4 _aUnited Kingdom
_y
690 _aBUILT ENVIRONMENT-SUSTAINABLE CONSTRUCTION
856 4 0 _uhttps://www.fmb.org.uk/EasysiteWeb/getresource.axd?AssetID=2358
_zView the website free of charge at www.buildingagreenerbritain.org.uk
942 _n0
999 _c120640
_d120640